Saints, sinners and psychiatry. (Record no. 274)
[ view plain ]
| 000 -LEADER | |
|---|---|
| fixed length control field | 00420cam a22001691 4500 |
| 005 - DATE AND TIME OF LATEST TRANSACTION | |
| control field | 20260322212013.0 |
| 008 - FIXED-LENGTH DATA ELEMENTS--GENERAL INFORMATION | |
| fixed length control field | data |
| 040 ## - CATALOGING SOURCE | |
| Original cataloging agency | DNLM |
| Transcribing agency | DNLM |
| 041 09 - LANGUAGE CODE | |
| Language code of text/sound track or separate title | eng |
| 060 00 - NATIONAL LIBRARY OF MEDICINE CALL NUMBER | |
| Classification number | WM 75 |
| Item number | A545s 1950 |
| 001 - CONTROL NUMBER | |
| control field | data |
| 100 1# - MAIN ENTRY--PERSONAL NAME | |
| Personal name | Anderson, Camilla May, |
| Dates associated with a name | 1904- |
| 245 10 - TITLE STATEMENT | |
| Title | Saints, sinners and psychiatry. |
| Statement of responsibility, etc. | Camilla May Anderson. |
| 260 ## - PUBLICATION, DISTRIBUTION, ETC. | |
| Place of publication, distribution, etc. | Philadelphia, |
| Name of publisher, distributor, etc. | Lippincott |
| Date of publication, distribution, etc. | [c1950] |
| 300 ## - PHYSICAL DESCRIPTION | |
| Extent | ix, 206 p. |
| 650 #2 - SUBJECT ADDED ENTRY--TOPICAL TERM | |
| Topical term or geographic name entry element | Mental Health |
| Withdrawn status | Lost status | Damaged status | Not for loan | Home library | Current library | Shelving location | Date acquired | Total checkouts | Full call number | Barcode | Date last seen | Price effective from | Koha item type |
|---|---|---|---|---|---|---|---|---|---|---|---|---|---|
| Riverside | Riverside | General stacks | 22/03/2026 | GEN | BC0010283 | 22/03/2026 | 22/03/2026 | Books |